[Event "4th Mediterranean Open"]
[Site "Rijeka CRO"]
[Date "2010.11.15"]
[Round "4.10"]
[White "Drazic, Sinisa"]
[Black "Tate, Alan"]
[Result "0-1"]
[WhiteTitle "GM"]
[WhiteElo "2524"]
[BlackElo "2234"]
[WhiteFideId "901172"]
[BlackFideId "2401878"]
[EventDate "2010.11.13"]

1. b3 e5 2. Bb2 Nc6 3. e3 Nf6 4. c4 d5 5. cxd5 Nxd5 6. a3 Bd6 7. d3 O-O 8. Nd2
f5 9. Ngf3 Qe7 10. Qc2 Bd7 11. Be2 Rae8 12. Nc4 Kh8 13. Nxd6 cxd6 14. Qc4 Be6
15. Qh4 Rf6 16. Nd2 Qd7 17. Bf3 f4 18. e4 Nc7 19. g3 Rh6 20. Qg5 Rg6 21. Qh5 Rh6
22. Qg5 Rg6 23. Qh5 Rf8 24. Bd1 Nb5 25. gxf4 Rxf4 26. Nc4 Nbd4 27. Bc1 Rfg4 28.
Rf1 Qe7 29. Bxg4 Bxg4 30. Qxg6 hxg6 31. Ne3 Be2 32. Rh1 Bxd3 33. Bb2 Bxe4 34.
Rf1 Nxb3 35. Rd1 Ncd4 36. f4 Qh4+ 37. Rf2 exf4 38. Ng2 Nc2+ 39. Kf1 Bxg2+ 0-1

[Event "4th Mediterranean Open"]
[Site "Rijeka CRO"]
[Date "2010.11.15"]
[Round "4.11"]
[White "Yilmaz, Mustafa"]
[Black "Loncar, Robert"]
[Result "1/2-1/2"]
[WhiteTitle "IM"]
[BlackTitle "IM"]
[WhiteElo "2476"]
[BlackElo "2404"]
[WhiteFideId "6302718"]
[BlackFideId "14501325"]
[EventDate "2010.11.13"]

1. e4 c5 2. Nf3 Nc6 3. Bb5 b6 4. O-O Bb7 5. c3 a6 6. Ba4 e6 7. d4 b5 8. Bb3 cxd4
9. cxd4 Na5 10. Bc2 Nf6 11. Re1 d5 12. e5 Ne4 13. Nbd2 Nxd2 14. Qxd2 Rc8 15. Re2
Be7 16. Qf4 h6 17. h4 g6 18. h5 g5 19. Qd2 g4 20. Nh2 Bg5 21. Qd1 Bxc1 22. Qxc1
Qh4 23. Qf4 Qxh5 24. Nxg4 Qg5 25. Qf3 Qe7 26. a3 Rc4 27. Qe3 Rc7 28. Bd3 Kd8 29.
f4 Kc8 30. Rf1 Kb8 31. Ref2 h5 32. Nh2 Nc4 33. Qe1 f5 34. exf6 Qxf6 35. Nf3 Qxf4
36. Qxe6 Qe3 37. Qxe3 Nxe3 38. Re1 Ng4 39. Rfe2 Bc8 40. Nh4 Rf8 41. Ng6 Rf6 42.
Re8 Ka7 43. R8e7 Kb6 44. Rxc7 Kxc7 45. Ne5 Be6 46. Rc1+ Kb7 47. Nf3 Bf5 48. Bxf5
Rxf5 49. Re1 Rf7 50. Rc1 Rc7 1/2-1/2

[Event "4th Mediterranean Open"]
[Site "Rijeka CRO"]
[Date "2010.11.15"]
[Round "4.12"]
[White "Zufic, Miroslav"]
[Black "Nikolov, Sasho"]
[Result "0-1"]
[WhiteTitle "IM"]
[BlackTitle "IM"]
[WhiteElo "2442"]
[BlackElo "2458"]
[WhiteFideId "14506157"]
[BlackFideId "2900297"]
[EventDate "2010.11.13"]

1. e4 e5 2. Nf3 Nc6 3. Bb5 Nf6 4. d3 Bd6 5. c3 O-O 6. O-O Re8 7. Nbd2 Bf8 8. Re1
a6 9. Ba4 b5 10. Bb3 Na5 11. Bc2 c5 12. d4 cxd4 13. cxd4 d6 14. b3 Nc6 15. Bb2
Bg4 16. h3 Bh5 17. g4 Bg6 18. d5 Nb4 19. Bb1 a5 20. Nf1 h5 21. g5 Nh7 22. h4 Be7
23. Ng3 f6 24. gxf6 Bxf6 25. Kg2 Rf8 26. Rh1 Ra7 27. Bc1 Raf7 28. Be3 Qb8 29. a3
Na6 30. Ra2 Bd8 31. Ng5 Nxg5 32. hxg5 Bb6 33. Nf5 Bxe3 34. fxe3 Nc5 35. Rf2 Qd8
36. Rxh5 Nxe4 37. Bxe4 Bxf5 38. Rxf5 Rxf5 39. g6 Rg5+ 40. Kh3 Qc8+ 41. Kh4 Rf1
42. Qe2 Rf2 43. Qd1 Rxh5+ 44. Kxh5 Qh3+ 45. Kg5 Qxe3+ 0-1

[Event "4th Mediterranean Open"]
[Site "Rijeka CRO"]
[Date "2010.11.15"]
[Round "4.13"]
[White "Doric, Nenad"]
[Black "Battaglini, Gabriel"]
[Result "0-1"]
[WhiteTitle "IM"]
[BlackTitle "IM"]
[WhiteElo "2320"]
[BlackElo "2446"]
[WhiteFideId "14501694"]
[BlackFideId "621650"]
[EventDate "2010.11.13"]

1. d4 Nf6 2. Nf3 e6 3. e3 c5 4. c4 d5 5. Nc3 Nc6 6. a3 a6 7. dxc5 Bxc5 8. b4 Bb6
9. Bb2 O-O 10. Be2 d4 11. exd4 Nxd4 12. Na4 Nxe2 13. Nxb6 Qxb6 14. Qxe2 e5 15.
Bxe5 Re8 16. O-O Bg4 17. Qb2 Bxf3 18. Bxf6 Be2 19. Bxg7 Qg6 20. Be5 Bxf1 21.
Rxf1 Rad8 22. b5 Qd3 23. Qc3 Qxc3 24. Bxc3 Rc8 25. bxa6 Rxc4 26. Bb4 bxa6 27. g3
Rec8 28. Kg2 Rc1 29. Rxc1 Rxc1 30. g4 f6 31. h4 Kf7 32. Kg3 Ke6 33. Kf4 Rc4+ 34.
Kg3 Rd4 35. f3 Rd5 36. Kg2 a5 37. Bc3 Rc5 38. Be1 Kd5 39. Kg3 Kc4 40. h5 Kb3 41.
Kf4 Kxa3 42. Bh4 Rc6 43. Kf5 Kb3 44. f4 a4 45. g5 Rc5+ 46. Ke6 fxg5 47. fxg5 a3
48. g6 Rxh5 49. g7 Rh6+ 50. Kf7 Rg6 51. Kg8 a2 52. Kxh7 Rxg7+ 53. Kxg7 a1=Q+ 54.
Bf6 Qa5 0-1

[Event "4th Mediterranean Open"]
[Site "Rijeka CRO"]
[Date "2010.11.15"]
[Round "4.14"]
[White "Bukal, Vladimir Jr."]
[Black "Plenca, Julijan"]
[Result "1/2-1/2"]
[WhiteTitle "IM"]
[BlackTitle "FM"]
[WhiteElo "2390"]
[BlackElo "2311"]
[WhiteFideId "14502941"]
[BlackFideId "14508044"]
[EventDate "2010.11.13"]

1. d4 e6 2. Nc3 d5 3. Nf3 c5 4. e4 Nf6 5. exd5 exd5 6. Bb5+ Bd7 7. Bxd7+ Nbxd7
8. O-O Be7 9. dxc5 Nxc5 10. Ne2 O-O 11. Ned4 Nfe4 12. c3 Bf6 13. Be3 Qd7 14. Nb3
Na4 15. Qc2 Rfe8 16. Bd4 Be7 17. Rad1 Bd6 18. Rfe1 Re6 19. Be5 Bxe5 20. Rxe4 Bf6
21. Rf4 Rae8 22. g3 b5 23. Rd2 Qb7 24. Qd3 a6 25. h4 h6 26. Rf5 Rd6 27. Rf4 Nb6
28. Nbd4 Na4 29. Nf5 Rde6 30. Ne3 Nc5 31. Qxd5 Qc8 32. Ng4 Ne4 33. Nxf6+ Nxf6
34. Qd3 Ne4 35. Rd1 Nc5 36. Qf5 Qc7 37. Rd5 Na4 38. Rd2 Rf6 39. Qg4 Rxf4 40.
Qxf4 Qxf4 41. gxf4 Re4 42. Kg2 1/2-1/2

[Event "4th Mediterranean Open"]
[Site "Rijeka CRO"]
[Date "2010.11.15"]
[Round "4.15"]
[White "Hagesaether, Ellen"]
[Black "Bontempi, Piero"]
[Result "1-0"]
[WhiteTitle "WIM"]
[BlackTitle "FM"]
[WhiteElo "2275"]
[BlackElo "2375"]
[WhiteFideId "1501909"]
[BlackFideId "809250"]
[EventDate "2010.11.13"]

1. c4 e5 2. g3 Nf6 3. Bg2 Nc6 4. Nc3 Bc5 5. a3 a6 6. e3 O-O 7. Nge2 Re8 8. O-O
Rb8 9. b4 Ba7 10. d3 d6 11. h3 Ne7 12. d4 Ng6 13. Kh2 b5 14. c5 e4 15. Nf4 Bb7
16. a4 bxa4 17. Rxa4 Rc8 18. Nh5 Bb8 19. d5 Nxh5 20. Qxh5 Re5 21. Qg4 f5 22. Qe2
c6 23. dxc6 Rxc6 24. f4 Re8 25. Qa2+ Kh8 26. Rd1 Qc8 27. cxd6 Bxd6 28. Bb2 Bb8
29. Qb3 Ne7 30. Qf7 Rf6 31. Qb3 Ba7 32. Ne2 Rg6 33. b5 Bb6 34. bxa6 Bxa6 35. Bf1
Bd3 36. Rc1 Qd7 37. Bd4 Bxd4 38. Rxd4 Qa7 39. Qa4 Qb8 40. Rb4 Qd8 41. Rd4 Qb8
42. Rb4 Qa8 43. Nc3 Ra6 44. Qb3 Ra3 45. Qd1 Rxc3 46. Rxc3 Nd5 47. Ra4 Qd8 48.
Rxd3 exd3 49. Qxd3 Rxe3 50. Qd2 Re7 51. Rd4 Rd7 52. Bb5 Rd6 53. Bc4 1-0

[Event "4th Mediterranean Open"]
[Site "Rijeka CRO"]
[Date "2010.11.15"]
[Round "4.16"]
[White "Brumen, Dinko"]
[Black "Franciskovic, Borka"]
[Result "1/2-1/2"]
[WhiteTitle "IM"]
[BlackTitle "WIM"]
[WhiteElo "2359"]
[BlackElo "2274"]
[WhiteFideId "14501490"]
[BlackFideId "14507943"]
[EventDate "2010.11.13"]

1. d4 Nf6 2. Bg5 e6 3. e3 h6 4. Bh4 c5 5. Nf3 Be7 6. Bd3 b6 7. c4 Bb7 8. O-O O-O
9. Nc3 cxd4 10. exd4 d5 11. b3 Nc6 12. Rc1 Rc8 13. Bb1 Re8 14. Bxf6 Bxf6 15.
cxd5 exd5 16. Qd3 g6 17. Rfe1 Qd6 18. h4 h5 19. Ne2 Nb4 20. Qd2 Rxc1 21. Rxc1
Rc8 22. Nf4 Rxc1+ 23. Qxc1 Kg7 24. g3 Nc6 25. Qe3 Bc8 26. Bd3 Bg4 27. Be2 Bxf3
28. Bxf3 Nxd4 29. Bxd5 Qe5 30. Qd3 Nf5 31. Qc4 Nd6 32. Qa4 a5 33. Bf3 Qb5 34.
Qa3 Qc5 35. Qa4 Qb5 36. Qa3 Qc5 37. Qa4 Qb5 38. Qa3 1/2-1/2

[Event "4th Mediterranean Open"]
[Site "Rijeka CRO"]
[Date "2010.11.15"]
[Round "4.17"]
[White "Paljusaj, Edmond"]
[Black "Andrejic, Vladica"]
[Result "1-0"]
[WhiteTitle "FM"]
[WhiteElo "2316"]
[BlackElo "2168"]
[WhiteFideId "14505231"]
[BlackFideId "928178"]
[EventDate "2010.11.13"]

1. e4 d5 2. exd5 Nf6 3. d4 Nxd5 4. c4 Nb6 5. Nf3 Bg4 6. Be2 e6 7. O-O Nc6 8. Nc3
Be7 9. d5 exd5 10. cxd5 Nb4 11. Qd4 Bxf3 12. Bxf3 O-O 13. Qd1 Bf6 14. Qb3 a5 15.
Be3 Bxc3 16. bxc3 N4xd5 17. Rad1 a4 18. Qb1 c6 19. Bxd5 Nxd5 20. c4 Ra5 21. cxd5
Rxd5 22. Rxd5 Qxd5 23. Qxb7 Qxa2 24. Qxc6 h6 25. Qc3 Rb8 26. Bxh6 1-0

[Event "4th Mediterranean Open"]
[Site "Rijeka CRO"]
[Date "2010.11.15"]
[Round "4.18"]
[White "Drljevic, Ljilja"]
[Black "Foglia, Maurizio"]
[Result "1/2-1/2"]
[WhiteTitle "WIM"]
[WhiteElo "2298"]
[BlackElo "2204"]
[WhiteFideId "928879"]
[BlackFideId "806838"]
[EventDate "2010.11.13"]

1. e4 c6 2. d3 d5 3. Nd2 e5 4. Ngf3 Bd6 5. d4 exd4 6. Nxd4 Nf6 7. exd5 O-O 8.
Be2 Nxd5 9. Nc4 Bf4 10. O-O Qg5 11. g3 Bxc1 12. Qxc1 Qf6 13. c3 Bh3 14. Re1 Nd7
15. Bf3 Rad8 16. Bg2 Bxg2 17. Kxg2 c5 18. Nf3 b5 19. Ncd2 Rfe8 20. Qc2 c4 21.
Rad1 Nc5 22. Ne4 Qg6 23. Rxd5 Rxd5 24. Nf6+ gxf6 25. Rxe8+ Kg7 26. Qxg6+ hxg6
27. Re7 a6 28. Rc7 Na4 29. b3 Nxc3 30. bxc4 bxc4 31. Rxc4 Nxa2 32. Ra4 Nc3 33.
Rxa6 Rd7 1/2-1/2

[Event "4th Mediterranean Open"]
[Site "Rijeka CRO"]
[Date "2010.11.15"]
[Round "4.19"]
[White "Naslund, Mikael"]
[Black "Medancic, Rikard"]
[Result "0-1"]
[WhiteTitle "FM"]
[BlackTitle "IM"]
[WhiteElo "2151"]
[BlackElo "2284"]
[WhiteFideId "1708260"]
[BlackFideId "14500531"]
[EventDate "2010.11.13"]

1. d4 Nf6 2. c4 e6 3. g3 Bb4+ 4. Nc3 Qe7 5. Bd2 Bxc3 6. Bxc3 Ne4 7. Rc1 b6 8.
Bg2 Bb7 9. Nf3 O-O 10. O-O Nxc3 11. Rxc3 d6 12. d5 e5 13. e4 Bc8 14. Nd2 Nd7 15.
f4 a6 16. f5 b5 17. b3 b4 18. Rcf3 a5 19. g4 h6 20. Rg3 g5 21. fxg6 fxg6 22. g5
Rxf1+ 23. Qxf1 hxg5 24. h4 g4 25. Rxg4 Nf8 26. Rg5 Kg7 27. Nf3 a4 28. Rg3 axb3
29. axb3 Qf6 30. h5 Qf4 31. h6+ Kxh6 32. Ng5 Qxf1+ 33. Bxf1 Nh7 34. Nf7+ Kg7 35.
Nd8 Nf6 36. Bd3 Bd7 37. Ne6+ Bxe6 38. dxe6 Nh5 39. Rf3 Nf4 40. c5 dxc5 41. Bc4
Kf6 42. Rf1 Ke7 43. Rd1 Nxe6 44. Rd5 Kf6 45. Rd7 Ra7 46. Bd5 Nd4 47. Kg2 Kg5 48.
Re7 Kf4 49. Rf7+ Ke3 50. Rg7 Ra2+ 51. Kg3 c6 52. Bc4 Kxe4 53. Rxg6 Ra3 0-1

[Event "4th Mediterranean Open"]
[Site "Rijeka CRO"]
[Date "2010.11.15"]
[Round "4.20"]
[White "Ivanov, Stojan Emilov"]
[Black "Fucak, Emilijo"]
[Result "1-0"]
[BlackTitle "FM"]
[WhiteElo "2205"]
[BlackElo "2280"]
[WhiteFideId "2903245"]
[BlackFideId "14501023"]
[EventDate "2010.11.13"]

1. Nf3 Nf6 2. d4 e6 3. c4 d5 4. Nc3 Bb4 5. Qb3 a5 6. a3 Bxc3+ 7. Qxc3 O-O 8. Bg5
c6 9. e3 Nbd7 10. Bd3 a4 11. O-O Re8 12. Rac1 Qc7 13. Bf4 Qd8 14. h3 h6 15. Qc2
Qb6 16. c5 Qa5 17. g4 Nf8 18. g5 hxg5 19. Nxg5 b5 20. Be5 Qd8 21. Kh1 g6 22. Rg1
N6h7 23. Nxf7 Qh4 24. Ng5 Nxg5 1-0

[Event "4th Mediterranean Open"]
[Site "Rijeka CRO"]
[Date "2010.11.15"]
[Round "4.21"]
[White "Butuc, Maria"]
[Black "Ionica, Iulia-Ionela"]
[Result "1/2-1/2"]
[WhiteTitle "WIM"]
[BlackTitle "WGM"]
[WhiteElo "2180"]
[BlackElo "2244"]
[WhiteFideId "13902911"]
[BlackFideId "1205480"]
[EventDate "2010.11.13"]

1. d4 Nf6 2. Bg5 g6 3. Bxf6 exf6 4. e3 Bg7 5. g3 d6 6. Bg2 O-O 7. Ne2 c6 8. c4
Re8 9. O-O Nd7 10. Nbc3 Nf8 11. b4 Bg4 12. Qb3 Qd7 13. b5 g5 14. Rab1 Rac8 15.
bxc6 bxc6 16. Rfe1 Bh3 17. d5 Bxg2 18. Kxg2 c5 19. Qb7 Qg4 20. e4 Ng6 21. Ng1 f5
22. Nb5 Rb8 23. Qc7 Rbc8 24. Qb7 Rb8 25. Qc7 1/2-1/2

[Event "4th Mediterranean Open"]
[Site "Rijeka CRO"]
[Date "2010.11.15"]
[Round "4.22"]
[White "Pavlovic, Ranko"]
[Black "Valenti, Giuseppe"]
[Result "1/2-1/2"]
[WhiteTitle "FM"]
[BlackTitle "FM"]
[WhiteElo "2242"]
[BlackElo "2122"]
[WhiteFideId "14501988"]
[BlackFideId "801119"]
[EventDate "2010.11.13"]

1. d4 d6 2. c4 Nd7 3. Nc3 e5 4. d5 Ngf6 5. e4 c6 6. Nge2 g6 7. Ng3 cxd5 8. cxd5
a6 9. Be2 Bg7 10. O-O h5 11. Re1 h4 12. Nf1 Nc5 13. Nd2 a5 14. Nb3 b6 15. Bg5
Bd7 16. Nxc5 bxc5 17. Bb5 Bxb5 18. Nxb5 Qd7 19. a4 Rh5 20. Bxf6 Bxf6 21. Ra3 Ke7
22. Rb3 Rhh8 23. Qe2 Rab8 24. Rc1 Bg5 25. Rc2 f5 26. Rf3 Bf6 27. h3 f4 28. Rb3
g5 29. Qg4 Qxg4 30. hxg4 Kd7 31. Rcc3 Rb7 32. Rc4 Rhb8 33. Kf1 Bd8 34. Ke2 Bf6
35. Kd2 Be7 36. Kc2 Bf6 37. Kb1 Be7 38. Ka2 Kc8 39. Rh3 Kd7 40. b3 Rf8 41. Rcc3
Bd8 42. Na3 Rf6 43. Kb2 Ke7 44. Nc4 Kf7 45. Kc2 Kg6 46. Kd2 Rh7 47. Ke2 Bc7 48.
Kf1 Rf8 49. Na3 Bb8 50. Nb5 Rff7 51. Rhf3 Rf8 52. Kg1 Rff7 53. Rcd3 Rh8 54. Rh3
Rhh7 55. Rdf3 Rh8 56. Na3 Bc7 57. Nc4 Bb8 58. Nd2 Rb7 59. Kf1 Rb4 60. Nc4 1/2-1/2

[Event "4th Mediterranean Open"]
[Site "Rijeka CRO"]
[Date "2010.11.15"]
[Round "4.23"]
[White "Andersen, Alf R."]
[Black "Ostling, Hakan"]
[Result "1-0"]
[WhiteElo "2220"]
[BlackElo "2207"]
[WhiteFideId "1503120"]
[BlackFideId "1708635"]
[EventDate "2010.11.13"]

1. e4 g6 2. d4 Bg7 3. Nc3 c6 4. Nf3 d5 5. e5 Bg4 6. Be2 Qb6 7. O-O Nd7 8. h3
Bxf3 9. Bxf3 e6 10. b3 Ne7 11. Na4 Qc7 12. Ba3 Nf5 13. Re1 b5 14. Nc3 b4 15.
Bxb4 Qb6 16. Bc5 Nxc5 17. dxc5 Qxc5 18. Na4 Qe7 19. Bg4 O-O 20. Bxf5 gxf5 21.
Qd4 f6 22. Qc5 Qc7 23. exf6 Rxf6 24. Rad1 Rg6 25. c4 Bf8 26. Qe3 Qg7 27. Qf3 Kh8
28. Re2 Bd6 29. Kh1 Rg8 30. Rg1 Rh6 31. c5 Bb8 32. Nb2 Qc7 33. Qc3+ Rg7 34. g3
Rxh3+ 35. Kg2 Rh6 36. Nd3 f4 37. Nxf4 e5 38. Rge1 e4 39. Rh1 Rxh1 40. Kxh1 Qd7
41. Qf6 Qe8 42. Ne6 Qe7 43. Qxg7+ Qxg7 44. Nxg7 Kxg7 45. Kg2 Kf6 46. f3 Ke5 47.
fxe4 dxe4 48. Rd2 Ke6 49. Rd8 Be5 50. Ra8 e3 51. Kf3 e2 52. Kxe2 Bxg3 53. Rxa7
Kd5 54. Rxh7 Kxc5 55. Kd3 Kb6 56. Kc4 Bd6 57. b4 Be5 58. Rh6 Kb7 59. Kc5 Bg7 60.
Rh7 1-0

[Event "4th Mediterranean Open"]
[Site "Rijeka CRO"]
[Date "2010.11.16"]
[Round "5.1"]
[White "Stevic, Hrvoje"]
[Black "Haznedaroglu, Kivanc"]
[Result "1/2-1/2"]
[WhiteTitle "GM"]
[BlackTitle "GM"]
[WhiteElo "2621"]
[BlackElo "2439"]
[WhiteFideId "14502569"]
[BlackFideId "6300634"]
[EventDate "2010.11.13"]

1. e4 e6 2. d4 d5 3. e5 c5 4. c3 Nc6 5. Nf3 Bd7 6. Be2 Nge7 7. Na3 cxd4 8. cxd4
Nf5 9. Nc2 Nb4 10. Ne3 Nxe3 11. fxe3 Be7 12. a3 Nc6 13. Bd3 Qb6 14. b4 Rc8 15.
O-O O-O 16. Bd2 g6 17. Qe1 a6 18. h4 f6 19. exf6 Bxf6 20. Qg3 Qc7 21. Qxc7 Rxc7
22. a4 e5 23. dxe5 Nxe5 24. Nxe5 Bxe5 25. Rxf8+ Kxf8 26. Rf1+ Kg7 27. b5 axb5
28. axb5 Rc8 29. Bb4 Bc3 30. Be7 Re8 31. Bc5 Rc8 32. Be7 Re8 33. Bc5 Rc8 34. Be7 1/2-1/2

[Event "4th Mediterranean Open"]
[Site "Rijeka CRO"]
[Date "2010.11.16"]
[Round "5.3"]
[White "Tate, Alan"]
[Black "Lenic, Luka"]
[Result "1/2-1/2"]
[BlackTitle "GM"]
[WhiteElo "2234"]
[BlackElo "2619"]
[WhiteFideId "2401878"]
[BlackFideId "14603853"]
[EventDate "2010.11.13"]

1. e4 c6 2. c4 d5 3. cxd5 cxd5 4. exd5 Nf6 5. Qa4+ Nbd7 6. Nc3 g6 7. Nf3 Bg7 8.
Bc4 a6 9. d3 O-O 10. Qa3 b6 11. O-O Bb7 12. Re1 Re8 13. h3 b5 14. Bb3 Nb6 15. d6
Qxd6 16. Ng5 Nfd5 17. Qxd6 exd6 18. Be3 b4 19. Nce4 Nc8 20. Rac1 Re7 21. Rc2 h6
22. Nxf7 Rxf7 23. Rec1 Kh7 24. Bxd5 Bxd5 25. Rxc8 Rxc8 26. Rxc8 Bxa2 27. Nxd6
Rd7 28. Bc5 Bxb2 29. Bxb4 a5 30. Rc2 Be5 31. Bxa5 Bb3 32. Rc7 Rxc7 33. Bxc7 Bxd6
34. Bxd6 Bc2 35. d4 Be4 36. f3 Bd5 37. Kf2 Kg7 38. Ke3 Kf6 39. Be5+ Ke6 40. g4
h5 41. Kf4 Kf7 42. Kg3 Ke6 43. Bh8 Bc6 44. f4 hxg4 45. Kxg4 Be4 46. Kg5 Bf5 47.
h4 Be4 48. Be5 Bd3 49. Kg4 Be4 50. h5 gxh5+ 51. Kxh5 Bf3+ 52. Kg6 Be4+ 53. Kg7
Bf3 54. Kg6 Be4+ 55. Kg5 Bd3 56. Kg4 Be4 57. Kg3 Bd5 58. Kf2 Be4 59. Ke3 Bd5 60.
Kd2 Be4 61. Kc3 Bd5 62. Kb4 Be4 63. Kc5 Bf3 1/2-1/2

[Event "4th Mediterranean Open"]
[Site "Rijeka CRO"]
[Date "2010.11.16"]
[Round "5.4"]
[White "Kozul, Zdenko"]
[Black "Jovanic, Ognjen"]
[Result "1-0"]
[WhiteTitle "GM"]
[BlackTitle "GM"]
[WhiteElo "2595"]
[BlackElo "2532"]
[WhiteFideId "14502879"]
[BlackFideId "14504081"]
[EventDate "2010.11.13"]

1. d4 d5 2. c4 c6 3. e3 Nf6 4. Nc3 a6 5. Nf3 b5 6. c5 g6 7. Bd3 Bg7 8. Qc2 O-O
9. O-O a5 10. Re1 Qc7 11. e4 Na6 12. a3 dxe4 13. Bxe4 Be6 14. Bxg6 hxg6 15. Rxe6
fxe6 16. Qxg6 Kh8 17. Bh6 Bxh6 18. Qxh6+ Kg8 19. Re1 Rf7 20. Ng5 Rh7 21. Nxh7
Nxh7 22. Re4 Nf6 23. Qg6+ Kf8 24. Rh4 e5 25. Rh8+ Ng8 26. Qxg8# 1-0

[Event "4th Mediterranean Open"]
[Site "Rijeka CRO"]
[Date "2010.11.16"]
[Round "5.6"]
[White "Saric, Ivan"]
[Black "Popovic, Dusan"]
[Result "1/2-1/2"]
[WhiteTitle "GM"]
[BlackTitle "GM"]
[WhiteElo "2574"]
[BlackElo "2546"]
[WhiteFideId "14508150"]
[BlackFideId "927031"]
[EventDate "2010.11.13"]

1. e4 c5 2. Nf3 d6 3. d4 cxd4 4. Nxd4 Nf6 5. Nc3 a6 6. Be3 e5 7. Nb3 Be7 8. Qd2
O-O 9. O-O-O Ng4 10. Kb1 Be6 11. Be2 Nxe3 12. Qxe3 Nd7 13. Nd5 Rc8 14. g3 b5 1/2-1/2

[Event "4th Mediterranean Open"]
[Site "Rijeka CRO"]
[Date "2010.11.16"]
[Round "5.7"]
[White "Brkic, Ante"]
[Black "Rukavina, Josip"]
[Result "1-0"]
[WhiteTitle "GM"]
[BlackTitle "IM"]
[WhiteElo "2564"]
[BlackElo "2421"]
[WhiteFideId "14506688"]
[BlackFideId "14500191"]
[EventDate "2010.11.13"]

1. e4 d6 2. d4 g6 3. Nc3 Bg7 4. Be3 c6 5. Qd2 Nf6 6. Nf3 Bg4 7. h3 Bxf3 8. gxf3
Nbd7 9. f4 d5 10. e5 Ng8 11. f5 e6 12. f6 Bf8 13. Ne2 h5 14. Nf4 Nh6 15. Bd3 Nf5
16. Bxf5 gxf5 17. Rg1 Qb6 18. c3 c5 19. Rg7 Rc8 20. O-O-O Qa5 21. Kb1 c4 22.
Rdg1 Rc6 23. Rg8 Rxg8 24. Rxg8 Kd8 25. Ng6 fxg6 26. Bh6 Ra6 27. a3 Kc7 28. Bxf8
Nxf8 29. Rxf8 Qb5 30. f7 Qd7 31. Qg5 1-0

[Event "4th Mediterranean Open"]
[Site "Rijeka CRO"]
[Date "2010.11.16"]
[Round "5.8"]
[White "Kurajica, Bojan"]
[Black "Nikolov, Sasho"]
[Result "1/2-1/2"]
[WhiteTitle "GM"]
[BlackTitle "IM"]
[WhiteElo "2529"]
[BlackElo "2458"]
[WhiteFideId "14400057"]
[BlackFideId "2900297"]
[EventDate "2010.11.13"]

1. Nf3 d5 2. d4 Nf6 3. c4 c6 4. Qc2 g6 5. e3 Bg7 6. Bd3 O-O 7. O-O Na6 8. a3 c5
9. b3 cxd4 10. exd4 dxc4 11. bxc4 Bg4 12. Nbd2 Nh5 13. Bb2 Nf4 14. Rfe1 Nxd3 15.
Qxd3 Nc5 16. Qe3 Na4 17. Ra2 Nxb2 18. Rxb2 Bxf3 19. Nxf3 b6 20. Rc2 e6 21. c5
Rc8 22. Qe4 Rc7 23. a4 Qd5 24. Qxd5 exd5 25. g4 Rfc8 26. g5 Bf8 27. Re5 Rd8 28.
c6 Bd6 29. Re3 Bf4 30. Rec3 Kf8 31. h4 Ke7 32. Ne1 h6 33. gxh6 Bxh6 34. Nf3 Bg7
35. h5 Kd6 36. hxg6 fxg6 37. Nh4 Bxd4 38. Rg3 Rg7 39. Kg2 Rc8 40. Rd2 Bf6 41.
Nxg6 Rxc6 42. f4 Rc3 43. f5 Kc5 44. Rg4 d4 45. Re4 d3 46. Kf3 Bg5 47. Nf4 Bxf4
48. Rxf4 Kd5 49. f6 Rf7 50. Ke3 Ke5 51. Re4+ Kxf6 52. Rxd3 Rxd3+ 53. Kxd3 Re7
54. Rh4 1/2-1/2

[Event "4th Mediterranean Open"]
[Site "Rijeka CRO"]
[Date "2010.11.16"]
[Round "5.9"]
[White "Battaglini, Gabriel"]
[Black "Martinovic, Sasa"]
[Result "0-1"]
[WhiteTitle "IM"]
[BlackTitle "IM"]
[WhiteElo "2446"]
[BlackElo "2502"]
[WhiteFideId "621650"]
[BlackFideId "14509792"]
[EventDate "2010.11.13"]

1. d4 Nf6 2. c4 c5 3. d5 e5 4. Nc3 d6 5. e4 Be7 6. Nge2 a6 7. Ng3 g6 8. Bd3 h5
9. O-O h4 10. Nh1 Nh5 11. Ne2 Bg5 12. Be3 Bxe3 13. fxe3 Qg5 14. Qd2 Nd7 15. a3
Ndf6 16. b4 Bh3 17. Nc3 Bxg2 18. Qxg2 Qxe3+ 19. Nf2 Nf4 20. Rae1 Nxg2 21. Rxe3
Nxe3 22. Re1 cxb4 23. Na4 Nxc4 24. axb4 b5 0-1

[Event "4th Mediterranean Open"]
[Site "Rijeka CRO"]
[Date "2010.11.16"]
[Round "5.10"]
[White "Fercec, Nenad"]
[Black "Paljusaj, Edmond"]
[Result "1/2-1/2"]
[WhiteTitle "GM"]
[BlackTitle "FM"]
[WhiteElo "2491"]
[BlackElo "2316"]
[WhiteFideId "14500299"]
[BlackFideId "14505231"]
[EventDate "2010.11.13"]

1. e4 c5 2. Nf3 e6 3. d4 cxd4 4. Nxd4 a6 5. Nc3 b5 6. Bd3 Bb7 7. O-O Nc6 8. Nxc6
Bxc6 9. Qe2 Bc5 10. a4 b4 11. Nd5 Ne7 12. Be3 Bxe3 13. Nxe3 O-O 14. f4 f5 15.
exf5 Nxf5 16. Nxf5 exf5 17. a5 Qf6 18. Qe5 Be4 19. Bxe4 fxe4 20. Rad1 Rae8 21.
Qxf6 Rxf6 22. Rxd7 e3 23. Rd3 e2 24. Re1 Rxf4 25. Rd2 Rf5 1/2-1/2

[Event "4th Mediterranean Open"]
[Site "Rijeka CRO"]
[Date "2010.11.16"]
[Round "5.11"]
[White "Plenca, Julijan"]
[Black "Yilmaz, Mustafa"]
[Result "0-1"]
[WhiteTitle "FM"]
[BlackTitle "IM"]
[WhiteElo "2311"]
[BlackElo "2476"]
[WhiteFideId "14508044"]
[BlackFideId "6302718"]
[EventDate "2010.11.13"]

1. e4 c5 2. Nf3 d6 3. d4 cxd4 4. Nxd4 Nf6 5. Nc3 a6 6. g3 g6 7. Bg2 Bg7 8. O-O
O-O 9. h3 Nc6 10. Nde2 Rb8 11. g4 b5 12. Ng3 Nd7 13. Nd5 Nde5 14. Kh1 Nc4 15. c3
b4 16. Qe2 bxc3 17. bxc3 N4a5 18. Bg5 h6 19. Bd2 Ne5 20. Rab1 Bb7 21. Rb4 e6 22.
Ne3 d5 23. f4 Nec4 24. e5 Nxd2 25. Qxd2 Ba8 26. Ne2 Qc7 27. Nd4 Rbc8 28. Rc1 Nc6
29. Rbb1 g5 30. fxg5 hxg5 31. Nf3 Nxe5 32. Nxg5 Qe7 33. h4 Bf6 34. Nh3 Bxh4 35.
Qd4 Bf6 36. g5 Bg7 37. Qh4 Qc5 38. Qg3 Qc7 39. Qh4 Qc5 40. Qg3 Qc7 41. Qh4 Ng6
42. Qf2 d4 43. cxd4 Qxc1+ 44. Rxc1 Rxc1+ 45. Ng1 Bxd4 46. Bxa8 Rxa8 47. Qd2 Bxe3
48. Qxe3 Rac8 49. Qa7 R8c5 50. Qb8+ Nf8 51. Kh2 R5c2+ 52. Kh1 Rf2 0-1